| 000 | 00714nam a2200181 a 4500 | ||
|---|---|---|---|
| 001 | 000041911 | ||
| 005 | 20201002035827.0 | ||
| 008 | 131022s1983 sp a 000 0 spa d | ||
| 020 | _a8460031705 | ||
| 040 |
_aDO-SdBNP _bspa _cBNPHU |
||
| 100 | 1 |
_aMaluquer de Motes, J. _968801 |
|
| 245 | 1 | 3 |
_aEl Santuario Protohistórico de Zalamea de la Serena, Badajoz : _b1978-1981 / _cJ. Maluquer de Motes. |
| 260 |
_aBarcelona : _bCSIC, _c1983. |
||
| 300 |
_av. (410 p. LII h. lám.) : _bil. ; _c30 cm. |
||
| 504 | _aIncluye referencias bibliográficas y notas al pie de las páginas | ||
| 505 | 2 |
_av. 4 _tPrograma de investigaciones protohistórica |
|
| 710 | 2 |
_aConsejo Superior de Investigaciones Científicas(España) _967719 |
|
| 999 |
_c41400 _d41400 |
||